Statistiken für Länder, die einen Buchstaben enthalten - K

Klicken Sie hier um das Quiz zu spielen!

Allgemein

  • Dieses Quiz wurde 728 mal gespielt
  • Das Durchschnittsergebnis liegt bei 32 aus 44

Antwortstatistiken

HinweisLand% Korrekt
1 x KKasachstan
93%
1 x KKanada
92%
1 x KKolumbien
90%
3 x KDemokratische Republik Kongo
89%
2 x KRepublik Kongo
89%
1 x KKirgisistan
87%
1 x KKroatien
84%
1 x KKenia
83%
1 x KSüdkorea
82%
2 x KMarokko
81%
1 x KNordkorea
81%
1 x KTürkei
80%
1 x KTurkmenistan
78%
1 x KFrankreich
76%
1 x KKamerun
76%
1 x KKuba
76%
1 x KKambodscha
75%
1 x KUkraine
74%
1 x KUsbekistan
74%
1 x KVereinigtes Königreich
74%
1 x KDänemark
73%
1 x KPakistan
73%
1 x KIrak
72%
1 x KSüdafrika
72%
1 x KKosovo
71%
1 x KKiribati
69%
2 x KZentralafrikanische Republik
69%
1 x KTadschikistan
68%
2 x KDominikanische Republik
67%
1 x KKap Verde
67%
1 x KKatar
67%
1 x KKomoren
66%
1 x KKuwait
66%
1 x KMexiko
66%
1 x KSlowakei
65%
1 x KVatikanstadt
65%
1 x KSt. Kitts und Nevis
62%
1 x KMadagaskar
61%
1 x KFöderierte Staaten von Mikronesien
60%
1 x KJamaika
58%
1 x KMosambik
58%
1 x KElfenbeinküste
56%
1 x KBurkina Faso
54%
1 x KSri Lanka
53%

Verteilung der Resultate

Perzentil nach korrekt beantworteten Fragen

Anzahl Personen mit jedem Resultat

Ihre Resultats-Entwicklung

Sie haben dieses Quiz noch nicht gespielt